000 00723nam a2200229 a 4500
001 71896
003 BD-RjUL
005 20211209082158.0
008 170509r19911985ii a|||| |||| 001 0 eng d
035 _a(BD-RjUL)72112
040 _aBD-RjUL
_beng
_cBD-RjUL
_dBD-RjUL
041 _aeng
082 _223
_a621.38152
_bMAS 1991
100 1 _aMalvino, Albert Paul
_9117211
245 1 0 _aSemiconductor circuit approximations :
_ban introduction to transistors and integrated circuits /
_cAlbert Paul Malvino
250 _a4th ed.
260 _aNew Delhi :
_bTata McGraw Hill,
_c1985 [Reprinted 1991].
300 _a441 p. :
_bill. ;
_c23 cm.
500 _aIncludes index
650 _aSemiconductors
_9212660
942 _2ddc
_cBK
999 _c71896
_d71896